000 00701nam a2200289Ia 4500
005 20260324124831.0
008 008 260324s9999 xx 000 0 eng d
020 _a9780203855584
037 _aEBOOK
040 _aCRL
040 _beng
040 _cCRL
041 _2eng
041 _aeng
084 _qCRL
100 _aGeorgios Varouxakis; Paul Kelly
_91175673
245 0 _aJohn Stuart Mill - Thought and Influence
245 4 _bThe Saint of Rationalism
260 _bTaylor and Francis
260 _c2010
365 _a
365 _b240
856 _uhttp://www.taylorfrancis.com/books/9780203855584
942 _cEBOOK
999 _c1770414
_d1770414